Clair-Obscur Expédition 33: 33 Nevrons (ennemis) - Statistiques

Statistiques générales
  • Ce quiz a été pris 246 fois
    226 depuis la dernière actualisation
  • Le résultat moyen est 12 sur 33
Statistiques - réponses
Par images Réponse % Correct
Mime
96%
Clair
86%
Chevalière en or
76%
Contorsionniste
75%
Sprong
75%
Maitre des lampes
73%
Petank
72%
Obscur
71%
Serpenphare
70%
Danseuse
69%
Création
68%
Evêque
68%
Orphelin
68%
Grosse tête
67%
Goblu
60%
Noir / Blanche
52%
Dualiste
51%
Chapelier
48%
Démineur
47%
Lancelier
47%
Troubadour
46%
Stalact
44%
Amphorien / Jar
43%
Portier
40%
Cultiste
33%
Rocher
32%
Arbuscule
31%
Brûleur
29%
Mitrien
29%
Moissonneuse
28%
Bénisseur
27%
Glaise
26%
Pèlerin
25%
Hexga
24%
Ramasseur
24%
Aberation
22%
Boucheclier
21%
Gargant
20%
Chalier
19%
Glissando
19%
Cruleur
18%
Potier
17%
Tisseur
15%
Veilleur
15%
Chevalière en Céramique
14%
Gault
14%
Charognard
12%
Lustrion
10%
Braseleur
9%
Echassier
8%
Volesteur
8%
Balerine
7%
Cultiste faucheur
7%
Chorale
6%
Citoyen de Lumière
5%
Chevalière d'Acier
3%
Mage Cultiste
1%
Aucun quiz correspondant
Distribution des résultats
% des personnes avec chaque résultat
Percentile par nombre de réponses
Votre historique - résultats
Vous n’avez pas pris ce quiz depuis la dernière actualisation